| 000 | 00667cam a2200229 4500 | ||
|---|---|---|---|
| 999 |
_c3669 _d3669 |
||
| 001 | 2652557 | ||
| 003 | GBCCL | ||
| 005 | 20241126110500.0 | ||
| 008 | 690512s1969 tnu b 000 0 eng | ||
| 010 | _a 69014367 | ||
| 040 |
_aDLC _cDLC _dDLC |
||
| 050 | 0 | 0 |
_aBJ1581.2 _b.H73 |
| 082 | 0 | 0 |
_a248.86 _bHUD |
| 100 | 1 |
_aHudson, R. Lofton _q(Robert Lofton) _d1910- _97279 |
|
| 245 | 1 | 0 |
_aPersons in crisis _c[by] R. Lofton Hudson. |
| 260 |
_aNashville, _bBroadman Press _c[1969] |
||
| 300 |
_a127 p. _c20 cm. |
||
| 504 | _aIncludes bibliographical references. | ||
| 650 | 0 |
_aConduct of life. _9524 |
|
| 906 |
_a7 _bcbc _corignew _du _encip _f19 _gy-gencatlg |
||
| 942 |
_2ddc _cBK |
||